[Event "FIDE World Rapid Team"]
[Site "London ENG"]
[Date "2025.06.11"]
[Round "2.2"]
[White "Le, Quang Liem"]
[Black "Short, Nigel D"]
[Result "1/2-1/2"]
[WhiteTitle "GM"]
[BlackTitle "GM"]
[WhiteElo "2729"]
[BlackElo "2587"]
[WhiteTeam "Freedom"]
[BlackTeam "FIDE MB Team"]
[WhiteFideId "12401137"]
[BlackFideId "400025"]
[EventDate "2025.06.11"]
[EventType "team"]

1. Nf3 d5 2. e3 g6 3. c4 e6 4. Nc3 Bg7 5. b3 Ne7 6. Bb2 O-O 7. Rc1 b6 8. cxd5
exd5 9. Be2 Bb7 10. O-O a5 11. Qc2 Na6 12. Nb5 c6 13. Bxg7 Kxg7 14. Nc3 Nc5 15.
a3 Ne6 16. d4 Nf5 17. Na4 f6 18. b4 axb4 19. axb4 Nd6 20. Ra1 Qc7 21. Ra2 Ba6
22. Rfa1 Bxe2 23. Qxe2 Qb7 24. g3 Rfe8 25. Qc2 Nc7 26. Nd2 Ncb5 27. h4 Ra6 28.
Nc3 Rxa2 29. Rxa2 Ra8 30. Nxb5 Nxb5 31. Kg2 Nd6 32. Kh2 Qc8 33. Kg1 Kf7 34. h5
Kg7 35. hxg6 hxg6 36. Ra4 g5 37. Qa2 Rxa4 38. Qxa4 b5 39. Qa7+ Kg6 40. Qe7 Nc4
41. Nb3 Qg4 42. Kg2 Qd1 43. Qe8+ Kh6 44. Qf8+ Kg6 45. Qe8+ Kh6 46. Nc5 Nd2 47.
Qh8+ Kg6 48. Qg8+ 1/2-1/2

[Event "FIDE World Rapid Team"]
[Site "London ENG"]
[Date "2025.06.11"]
[Round "2.3"]
[White "Bologan, Victor"]
[Black "Sarana, Alexey"]
[Result "0-1"]
[WhiteTitle "GM"]
[BlackTitle "GM"]
[WhiteElo "2601"]
[BlackElo "2686"]
[WhiteTeam "FIDE MB Team"]
[BlackTeam "Freedom"]
[WhiteFideId "13900048"]
[BlackFideId "24133795"]
[EventDate "2025.06.11"]
[EventType "team"]

1. e4 c5 2. d3 Nc6 3. f4 d5 4. Be2 g6 5. Nf3 Bg7 6. c3 dxe4 7. dxe4 Qxd1+ 8.
Bxd1 Nf6 9. Nbd2 e5 10. fxe5 Ng4 11. Ba4 O-O 12. Bxc6 bxc6 13. Nb3 Nxe5 14. Nxc5
Re8 15. Bf4 Nd7 16. Be3 Nxc5 17. Bxc5 Rxe4+ 18. Kf2 Rb8 19. Ba3 Bf8 20. Rhe1
Rxe1 21. Rxe1 Bxa3 22. bxa3 Be6 23. Nd4 Bd5 24. Re2 Rb6 25. Rc2 c5 26. c4 Be4
27. Re2 Bd3 28. Re8+ Kg7 29. Nb3 Bxc4 30. Nxc5 Rb2+ 0-1

[Event "FIDE World Rapid Team"]
[Site "London ENG"]
[Date "2025.06.11"]
[Round "2.4"]
[White "Martirosyan, Haik M."]
[Black "Al-Mudahka, Mohd"]
[Result "1-0"]
[WhiteTitle "GM"]
[BlackTitle "GM"]
[WhiteElo "2635"]
[BlackElo "2542"]
[WhiteTeam "Freedom"]
[BlackTeam "FIDE MB Team"]
[WhiteFideId "13306553"]
[BlackFideId "12100030"]
[EventDate "2025.06.11"]
[EventType "team"]

1. d4 Nf6 2. c4 e5 3. dxe5 Ng4 4. e3 Nxe5 5. Nh3 d6 6. Nf4 g6 7. Nc3 Bg7 8. Be2
O-O 9. O-O a5 10. Bd2 Na6 11. Na4 Bd7 12. Rc1 Re8 13. Nd5 Nb4 14. Ndc3 Bc6 15.
Rb1 Na6 16. a3 Nc5 17. Nxc5 dxc5 18. Qc2 Bd7 19. Rbd1 Qc8 20. Nd5 Bf5 21. Qa4
Bd7 22. Qc2 Bf5 23. Qc1 Nd3 24. Bxd3 Bxd3 25. Bc3 Bxf1 26. Kxf1 Ra6 27. h3 Rae6
28. Bxg7 Kxg7 29. Qc3+ f6 30. Qxa5 b6 31. Qa7 Rd6 32. Ke2 Qf5 33. Qxc7+ Rd7 34.
Qf4 Qxf4 35. Nxf4 Rxd1 36. Kxd1 Kf7 37. Kc2 f5 38. Kc3 g5 39. Nd5 Rb8 40. b4 Ke6
41. a4 cxb4+ 42. Kxb4 Kd6 43. Kb5 Re8 44. Nxb6 Re5+ 45. Kb4 f4 46. Nd5 fxe3 47.
Nxe3 Kc6 48. a5 Re8 49. Nc2 Rb8+ 50. Kc3 Kc5 51. Nd4 h6 52. Nb3+ Kc6 53. f3 h5
54. Nd4+ Kd6 55. a6 Ra8 56. a7 Kc5 57. Nb5 Kb6 58. Kd4 Kb7 59. Ke5 Rf8 60. Ke6
g4 61. hxg4 hxg4 62. fxg4 Rg8 63. Kf5 Rf8+ 64. Ke5 Rg8 65. Kf4 Rf8+ 66. Kg3 Rg8
67. Nd4 Kxa7 68. Kf4 Kb6 69. Ne6 Kc6 70. Kf5 Kd6 71. g5 Re8 72. c5+ 1-0

[Event "FIDE World Rapid Team"]
[Site "London ENG"]
[Date "2025.06.11"]
[Round "2.5"]
[White "Zhu, Chen"]
[Black "Injac, Teodora"]
[Result "0-1"]
[WhiteTitle "GM"]
[BlackTitle "IM"]
[WhiteElo "2423"]
[BlackElo "2457"]
[WhiteTeam "FIDE MB Team"]
[BlackTeam "Freedom"]
[WhiteFideId "8600546"]
[BlackFideId "932400"]
[EventDate "2025.06.11"]
[EventType "team"]

1. e4 e5 2. Nf3 Nc6 3. d3 Nf6 4. g3 Bc5 5. Bg2 d6 6. c3 a5 7. a4 h6 8. Na3 O-O
9. O-O Ba7 10. Nb5 Bb6 11. h3 Ne7 12. Kh2 Ng6 13. Nd2 c6 14. Na3 d5 15. Qe2 Re8
16. Nc2 Be6 17. b3 Qd7 18. Bb2 Rad8 19. Rad1 dxe4 20. dxe4 Qd3 21. Bf3 Qxc2 0-1

[Event "FIDE World Rapid Team"]
[Site "London ENG"]
[Date "2025.06.11"]
[Round "2.6"]
[White "Mani, Sarbartho"]
[Black "Zaiarski, Stepan"]
[Result "1-0"]
[WhiteElo "1847"]
[BlackElo "1932"]
[WhiteTeam "Freedom"]
[BlackTeam "FIDE MB Team"]
[WhiteFideId "366112022"]
[BlackFideId "13907000"]
[EventDate "2025.06.11"]
[EventType "team"]

1. e4 e5 2. Nf3 Nc6 3. Bb5 a6 4. Ba4 b5 5. Bb3 Na5 6. Nxe5 Nxb3 7. axb3 Qg5 8.
d4 Qxg2 9. Qf3 Qxf3 10. Nxf3 Bb7 11. d5 f5 12. O-O fxe4 13. Re1 Nf6 14. Ng5 Bb4
15. Bd2 Bxd2 16. Nxd2 O-O 17. c4 Ng4 18. Ngxe4 d6 19. Re2 h6 20. h3 Nf6 21.
Nxf6+ Rxf6 22. Re7 Rf7 23. Rae1 Raf8 24. Rxf7 Kxf7 25. Nf3 c6 26. dxc6 Bxc6 27.
Nd4 Bd7 28. Ra1 Rc8 29. Rxa6 bxc4 30. Rxd6 Bxh3 31. Kh2 c3 32. bxc3 Rxc3 33. b4
Ke7 34. Rg6 Kf7 35. Rg3 Rc4 36. Nf3 Rxb4 37. Kxh3 g5 38. Ne5+ Kf6 39. Ng4+ Kg7
40. Rd3 Rf4 41. Rd7+ Kg6 42. Rd6+ Kg7 43. Kg3 h5 44. Ne5 h4+ 45. Kg2 Rf5 46.
Rd7+ Kf6 47. Ng4+ Kg6 48. Rd6+ Kg7 49. Ne3 Rf4 50. f3 Kf7 51. Ng4 Kg7 52. Rd3
Ra4 53. Rd7+ Kg6 54. Rd6+ Kg7 55. Ne5 Kh7 56. Rg6 1-0

[Event "FIDE World Rapid Team"]
[Site "London ENG"]
[Date "2025.06.11"]
[Round "2.1"]
[White "Erigaisi, Arjun"]
[Black "Nogerbek, Kazybek"]
[Result "1-0"]
[WhiteTitle "GM"]
[BlackTitle "GM"]
[WhiteElo "2782"]
[BlackElo "2538"]
[WhiteTeam "Team MGD1"]
[BlackTeam "Barys.kz"]
[WhiteFideId "35009192"]
[BlackFideId "13710427"]
[EventDate "2025.06.11"]
[EventType "team"]

1. d4 Nf6 2. Nf3 d5 3. e3 c5 4. dxc5 Qa5+ 5. Nbd2 g6 6. a3 Qxc5 7. b4 Qd6 8. c4
Bg7 9. Bb2 O-O 10. Rc1 dxc4 11. Bxc4 Bg4 12. Qb3 Bxf3 13. Nxf3 Nbd7 14. O-O e6
15. Rfd1 Qe7 16. a4 Rfd8 17. a5 a6 18. h3 Ne4 19. Bxg7 Kxg7 20. Nd4 Qf6 21. f3
Ng3 22. Bxe6 fxe6 23. Nxe6+ Kh6 24. Nxd8 Rxd8 25. Qd3 Qb2 26. Rc2 Ne5 27. Rxb2
Rxd3 28. Rxd3 Nxd3 29. Rb1 Nf5 30. b5 Nc5 31. Kf2 Nd6 32. bxa6 bxa6 33. Rb6 Nc4
34. Rc6 Ne5 35. Rc7 Nb3 36. f4 Nd3+ 37. Ke2 Ndc5 38. g4 g5 39. Rc6+ Kg7 40. fxg5
Ne4 41. Rxa6 Nxg5 42. Rb6 Nxa5 43. Rb5 Nxh3 44. Rxa5 Kg6 45. Kf3 Ng5+ 46. Kg3
Kf6 47. Rf5+ Kg6 48. Kf4 Ne6+ 49. Ke5 Ng5 50. e4 h6 51. Kd5 1-0

[Event "FIDE World Rapid Team"]
[Site "London ENG"]
[Date "2025.06.11"]
[Round "2.2"]
[White "Makhnev, Denis"]
[Black "Anton Guijarro, David"]
[Result "1/2-1/2"]
[WhiteTitle "GM"]
[BlackTitle "GM"]
[WhiteElo "2531"]
[BlackElo "2642"]
[WhiteTeam "Barys.kz"]
[BlackTeam "Team MGD1"]
[WhiteFideId "13707647"]
[BlackFideId "2285525"]
[EventDate "2025.06.11"]
[EventType "team"]

1. d4 d5 2. Nf3 e6 3. Bf4 Bd6 4. Bg3 Nf6 5. Nbd2 O-O 6. e3 c5 7. c3 b6 8. a4 c4
9. Bh4 Be7 10. g3 Bb7 11. Bg2 Nbd7 12. O-O a6 13. Ne5 Nxe5 14. dxe5 Nd7 15. Bxe7
Qxe7 16. Nxc4 Rab8 17. Nd6 Nxe5 18. Nxb7 Qxb7 19. Qd4 Qc7 20. e4 dxe4 21. Qxe4
Nc4 22. Qe2 Rfd8 23. Rfd1 a5 24. h4 g6 25. h5 Nd6 26. Bf3 Nf5 27. Kg2 g5 28. Be4
Qe5 29. Re1 Qf6 30. Rad1 Kg7 31. Qf3 h6 32. Bc2 Nd6 33. Qg4 Ne8 34. Qe4 Kf8 35.
Qe3 Nd6 36. Rd4 Nf5 37. Rxd8+ Rxd8 38. Qxb6 Rd2 39. Bxf5 Qxf5 40. b4 Rb2 41.
Qd8+ Kg7 42. Qd4+ Qf6 43. Qxf6+ Kxf6 44. Re4 Rc2 45. bxa5 Rxc3 46. Rb4 Rc5 47.
Kf3 Rxa5 48. Ke3 Ke7 49. Kd4 g4 50. Kc3 Rxh5 51. Rxg4 Kd6 52. Kb4 Rh1 53. Rd4+
Kc6 54. Rf4 f5 55. Rh4 Rb1+ 56. Kc4 Ra1 57. Kb4 Rb1+ 58. Kc4 Ra1 59. Kb3 Rf1 60.
Rxh6 Rxf2 61. Rxe6+ Kc5 62. Re3 f4 63. Re5+ Kb6 64. g4 Rg2 65. g5 f3 66. Rf5 f2
67. Rf6+ Ka5 68. Rf5+ Kb6 69. Rf6+ Ka5 70. Rf5+ Kb6 1/2-1/2

[Event "FIDE World Rapid Team"]
[Site "London ENG"]
[Date "2025.06.11"]
[Round "2.3"]
[White "Mendonca, Leon Luke"]
[Black "Agmanov, Zhandos"]
[Result "1-0"]
[WhiteTitle "GM"]
[BlackTitle "IM"]
[WhiteElo "2603"]
[BlackElo "2481"]
[WhiteTeam "Team MGD1"]
[BlackTeam "Barys.kz"]
[WhiteFideId "35028561"]
[BlackFideId "13708309"]
[EventDate "2025.06.11"]
[EventType "team"]

1. d4 Nf6 2. Nf3 d5 3. e3 e6 4. c4 b6 5. b3 Bb7 6. Bd3 Bd6 7. O-O O-O 8. cxd5
exd5 9. Ba3 c5 10. Nc3 Nbd7 11. Rc1 Rc8 12. Bf5 g6 13. Bh3 Re8 14. Re1 cxd4 15.
Bxd6 dxc3 16. Nd4 Ne4 17. Ba3 Ng5 18. Bxd7 Qxd7 19. Qd3 Ne6 20. f3 Nc5 21. Qd1
Ba6 22. Rxc3 Ne6 23. Bb2 Rxc3 24. Bxc3 Nc5 25. Qd2 Nd3 26. Rd1 Qe7 27. Nc2 f6
28. Bd4 Kf7 29. Ne1 Ne5 30. Bb2 Bb7 31. Nc2 Nd7 32. Qf2 Qc5 33. Nd4 Qe7 34. Nc2
Rc8 35. Rd2 h5 36. Qh4 Nf8 37. Qf4 Kg7 38. h3 Ne6 39. Qh4 Nf8 40. Qg3 Qc7 41.
Qf2 Qe7 42. Nd4 Re8 43. Nc2 Rc8 44. Kh1 Re8 45. Qh4 Nh7 46. Nd4 Ba6 47. Qg3 Kf7
48. Nc2 Bb7 49. Qf4 Kg7 50. Re2 Ba6 51. Re1 Bd3 52. Nb4 g5 53. Qd4 Bg6 54. Nxd5
Qe5 55. Nxf6 1-0

[Event "FIDE World Rapid Team"]
[Site "London ENG"]
[Date "2025.06.11"]
[Round "2.4"]
[White "Mamedov, Edgar"]
[Black "Pranav, V"]
[Result "0-1"]
[WhiteTitle "IM"]
[BlackTitle "GM"]
[WhiteElo "2509"]
[BlackElo "2595"]
[WhiteTeam "Barys.kz"]
[BlackTeam "Team MGD1"]
[WhiteFideId "13739980"]
[BlackFideId "25060783"]
[EventDate "2025.06.11"]
[EventType "team"]

1. d4 Nf6 2. c4 e6 3. Nf3 Bb4+ 4. Bd2 Qe7 5. e3 O-O 6. Bd3 Nc6 7. O-O Bxd2 8.
Qxd2 d6 9. Nc3 e5 10. Bc2 h6 11. h3 Re8 12. Rad1 Nb4 13. Bb1 c6 14. a3 Na6 15.
e4 Nh5 16. dxe5 dxe5 17. Qd6 Qxd6 18. Rxd6 Nf4 19. b4 Nc7 20. Rfd1 f6 21. Kh2
Be6 22. c5 a5 23. g3 Ng6 24. Nd2 axb4 25. axb4 Ra3 26. Rc1 Nh8 27. Rd3 Na6 28.
b5 Nxc5 29. Rd6 Nf7 30. Rxe6 Nxe6 31. bxc6 bxc6 32. Ba2 Kf8 33. Nc4 Ra7 34. Ne3
Nd4 35. Kg2 Nd6 36. Nc4 Nxc4 37. Bxc4 Rb8 38. Nd1 Ke7 39. Ne3 Rb2 40. Rd1 Ra3
41. Nf5+ Nxf5 42. exf5 Ra4 43. Be6 Rd4 44. Ra1 Rb7 45. Ra8 Kd6 46. g4 e4 47. Kg3
Ke5 48. Ra5+ Rb5 49. Ra7 g5 50. fxg6 Kxe6 51. g7 Rb8 52. Kh4 Rd7 0-1

[Event "FIDE World Rapid Team"]
[Site "London ENG"]
[Date "2025.06.11"]
[Round "2.5"]
[White "Tsolakidou, Stavroula"]
[Black "Balabayeva, Xeniya"]
[Result "1/2-1/2"]
[WhiteTitle "IM"]
[BlackTitle "WGM"]
[WhiteElo "2428"]
[BlackElo "2352"]
[WhiteTeam "Team MGD1"]
[BlackTeam "Barys.kz"]
[WhiteFideId "4264312"]
[BlackFideId "13719688"]
[EventDate "2025.06.11"]
[EventType "team"]

1. e4 c6 2. d4 d5 3. e5 Bf5 4. Nd2 e6 5. Nb3 Nd7 6. Nf3 c5 7. Be2 c4 8. Nbd2 f6
9. O-O fxe5 10. Nxe5 Nxe5 11. dxe5 Bc5 12. b3 b5 13. Nf3 Ne7 14. a4 a6 15. axb5
axb5 16. Rxa8 Qxa8 17. Nd4 Bxd4 18. Qxd4 O-O 19. bxc4 bxc4 20. c3 Nc6 21. Qe3
Rb8 22. g4 Bc2 23. Bd2 Qa3 24. Rc1 Bg6 25. h4 h6 26. h5 Bh7 27. g5 hxg5 28. Qxg5
Qe7 29. Qg3 Qf7 30. Be3 Ne7 31. Qg5 Nf5 32. Bc5 Qc7 33. Bd4 Qe7 34. Qxe7 Nxe7
35. Bc5 Nc6 36. f4 Rb5 37. Bd6 Bb1 38. Bg4 Kf7 39. Rf1 Bd3 40. Ra1 Rb1+ 41. Rxb1
Bxb1 42. Kf2 d4 43. Bf3 Na7 44. Bc5 Nb5 45. Bxd4 Nxd4 46. cxd4 c3 47. Ke3 Bf5
48. d5 exd5 49. Bxd5+ Ke7 50. Bc6 Kf7 51. Bd5+ Ke7 52. Bc6 1/2-1/2

[Event "FIDE World Rapid Team"]
[Site "London ENG"]
[Date "2025.06.11"]
[Round "2.6"]
[White "Nurakyn, Suleiman"]
[Black "Atharvaa P Tayade"]
[Result "0-1"]
[WhiteElo "1773"]
[BlackElo "1956"]
[WhiteTeam "Barys.kz"]
[BlackTeam "Team MGD1"]
[WhiteFideId "447003073"]
[BlackFideId "25042955"]
[EventDate "2025.06.11"]
[EventType "team"]

1. d4 Nf6 2. c4 g6 3. Nc3 Bg7 4. e4 d6 5. h3 O-O 6. Nf3 e5 7. d5 a5 8. Be3 Na6
9. g4 Nc5 10. Nd2 c6 11. Be2 cxd5 12. cxd5 Bd7 13. g5 Ne8 14. h4 f5 15. h5 Rf7
16. hxg6 hxg6 17. exf5 Bxf5 18. Nf1 Ne4 19. Nxe4 Bxe4 20. Rh4 Bf5 21. Ng3 Qe7
22. Nxf5 gxf5 23. Bh5 f4 24. Bxf7+ Qxf7 25. Bc1 Nc7 26. Qc2 Nxd5 27. Bd2 e4 28.
O-O-O Qf5 29. Kb1 Rc8 30. Qb3 e3+ 31. Ka1 exd2 32. Rhh1 Rc2 33. Rb1 Rc5 34. a3
b5 35. Rbd1 Qc2 0-1

[Event "FIDE World Rapid Team"]
[Site "London ENG"]
[Date "2025.06.11"]
[Round "2.1"]
[White "Martinez Alcantara, Jose Eduardo"]
[Black "Keymer, Vincent"]
[Result "1/2-1/2"]
[WhiteTitle "GM"]
[BlackTitle "GM"]
[WhiteElo "2611"]
[BlackElo "2730"]
[WhiteTeam "Theme International Trading"]
[BlackTeam "Germany and Friends"]
[WhiteFideId "3805662"]
[BlackFideId "12940690"]
[EventDate "2025.06.11"]
[EventType "team"]

1. e4 e5 2. Nf3 Nc6 3. Bb5 a6 4. Ba4 Nf6 5. O-O b5 6. Bb3 Bb7 7. d3 Be7 8. a4
O-O 9. Nc3 Na5 10. Ba2 b4 11. Ne2 d5 12. Nxe5 dxe4 13. Ng3 exd3 14. Qxd3 Qxd3
15. Nxd3 Rfd8 16. Re1 Bf8 17. Bf4 Nd5 18. Bg5 Re8 19. Ne4 b3 20. Bxb3 Nxb3 21.
cxb3 Nb4 22. Nec5 Nxd3 23. Nxd3 Be4 24. Red1 Rab8 25. b4 Bxd3 26. Rxd3 Rxb4 27.
b3 Reb8 28. Rc1 f6 29. Be3 Rxb3 30. Rxb3 Rxb3 31. g3 Rb4 32. Rxc7 Rxa4 33. Ra7
h5 34. Kg2 Kh7 35. h3 Kg6 36. Kf3 Ra3 37. Ke4 Ra4+ 38. Kf3 Ra3 39. Ke4 a5 40. g4
Ra4+ 41. Kf3 hxg4+ 42. hxg4 Ra1 43. Ra6 Kh7 44. Ra7 a4 45. Bd4 Ra3+ 46. Ke4 Ra2
47. f4 Kg8 48. Ra8 Kf7 49. Ra7+ Kg8 50. Ra8 Kf7 51. Ra7+ 1/2-1/2

[Event "FIDE World Rapid Team"]
[Site "London ENG"]
[Date "2025.06.11"]
[Round "2.2"]
[White "Svane, Rasmus"]
[Black "Jumabayev, Rinat"]
[Result "1/2-1/2"]
[WhiteTitle "GM"]
[BlackTitle "GM"]
[WhiteElo "2626"]
[BlackElo "2546"]
[WhiteTeam "Germany and Friends"]
[BlackTeam "Theme International Trading"]
[WhiteFideId "4657101"]
[BlackFideId "13702661"]
[EventDate "2025.06.11"]
[EventType "team"]

1. Nf3 d5 2. g3 g6 3. Bg2 Bg7 4. d4 Nf6 5. c4 c6 6. cxd5 cxd5 7. Nc3 Nc6 8. Ne5
Ng4 9. Nf3 Nf6 10. O-O O-O 11. Ne5 Ng4 12. Nxd5 Ngxe5 13. dxe5 Bxe5 14. Bf4 Qd6
15. Qa4 Bd7 16. Rfd1 Rfd8 17. Qb3 Bxf4 18. Nxf4 Nd4 19. Qd5 Qxd5 20. Nxd5 Nc6
21. Rd2 Kf8 22. Rad1 Bf5 23. Ne3 Rxd2 24. Rxd2 Be6 25. Bxc6 bxc6 26. a3 c5 27.
Rc2 Rb8 28. f3 Ke8 29. Kf2 Kd7 30. Ke1 Kd6 31. Kd2 a5 32. Kc1 a4 33. Nc4+ Kc6
34. Ne5+ Kb5 35. Nd3 Rc8 36. Nf4 Bb3 37. Rd2 Rc6 38. Nd5 Bxd5 39. Rxd5 Re6 40.
Rd2 Rd6 41. Rc2 g5 42. Rc3 Rh6 43. b3 Rxh2 44. bxa4+ Kc6 45. Kd2 h5 46. a5 Rg2
47. Rb3 c4 48. Rb4 c3+ 49. Kxc3 Rxe2 50. a6 Re3+ 51. Kb2 Re5 52. Ra4 Rb5+ 53.
Kc3 Rb8 54. a7 Ra8 55. Ra5 f6 56. f4 Kb6 57. Rf5 g4 58. Rxh5 Rxa7 59. Kb4 Rd7
60. Rh4 f5 61. Rh6+ Kc7 62. Re6 Rd3 63. Rxe7+ Kd6 64. Re5 Rxg3 65. Rxf5 Rg1 66.
Rg5 g3 67. a4 g2 68. Ka5 Ke6 69. Re5+ Kf6 70. Rg5 Ke6 71. Re5+ Kf6 72. Rg5 Ke6
73. Re5+ 1/2-1/2

[Event "FIDE World Rapid Team"]
[Site "London ENG"]
[Date "2025.06.11"]
[Round "2.3"]
[White "Tin, Jingyao"]
[Black "Svane, Frederik"]
[Result "1-0"]
[WhiteTitle "GM"]
[BlackTitle "GM"]
[WhiteElo "2583"]
[BlackElo "2667"]
[WhiteTeam "Theme International Trading"]
[BlackTeam "Germany and Friends"]
[WhiteFideId "5804418"]
[BlackFideId "12923044"]
[EventDate "2025.06.11"]
[EventType "team"]

1. Nf3 d5 2. g3 b6 3. Bg2 Bb7 4. O-O Nd7 5. d4 e6 6. Bf4 Ne7 7. Nc3 Ng6 8. Bg5
Nf6 9. Ne5 Be7 10. Nxg6 hxg6 11. Qd3 O-O 12. e4 Nxe4 13. Bxe7 Qxe7 14. Nxe4 dxe4
15. Bxe4 Bxe4 16. Qxe4 Rad8 17. c3 c5 18. dxc5 Qxc5 19. Rfd1 Qb5 20. Qc2 g5 21.
b3 Qe5 22. c4 a5 23. Rxd8 Rxd8 24. Rd1 Rd4 25. Rxd4 Qxd4 26. h3 f5 27. Qe2 Kf7
28. Qh5+ Kf6 29. Qe8 Qd6 30. Kg2 Qd4 31. Qf8+ Kg6 32. Qe8+ Kf6 33. Qc6 Ke5 34.
Qc7+ Kf6 35. Qb7 Qd6 36. a3 Kg6 37. Qc8 Kf6 38. Qe8 Qd3 39. b4 Qxa3 40. Qd8+ Kf7
41. Qd7+ Kf6 42. Qd4+ Kf7 43. c5 bxc5 44. bxc5 g4 45. hxg4 fxg4 46. Qd7+ Kf6 47.
c6 Qe7 48. Qd4+ e5 49. Qxg4 Qc7 50. Qc4 Ke7 51. Qc5+ Kf6 52. Kh2 a4 53. Qb5 a3
54. Qb7 Qxb7 55. cxb7 a2 56. b8=Q a1=Q 57. Qf8+ Kg6 58. g4 Kh7 59. Qf5+ g6 60.
Qf6 Qd4 61. Kg3 Qc3+ 62. Kh4 Qc7 63. Qe6 Qd8+ 64. Kg3 Qc7 65. Kh3 Kg7 66. g5
Qc3+ 67. Kg2 Qd4 68. Qf6+ Kh7 69. Qf7+ Kh8 70. Qf8+ Kh7 71. Qh6+ Kg8 72. Qxg6+
Kf8 73. Qf6+ Kg8 74. Kg3 Qd3+ 75. Qf3 Qd7 76. Qe4 Qd6 77. Kg4 Qd7+ 78. Kh4 Qf7
79. Kg3 Qe6 80. Qg4 Qd6 81. Qf5 Kg7 82. Kh3 Qe7 83. Kh4 Qd6 84. f3 Qe7 85. Kg4 1-0

[Event "FIDE World Rapid Team"]
[Site "London ENG"]
[Date "2025.06.11"]
[Round "2.4"]
[White "Donchenko, Alexander"]
[Black "Le, Tuan Minh"]
[Result "1/2-1/2"]
[WhiteTitle "GM"]
[BlackTitle "GM"]
[WhiteElo "2613"]
[BlackElo "2598"]
[WhiteTeam "Germany and Friends"]
[BlackTeam "Theme International Trading"]
[WhiteFideId "24603295"]
[BlackFideId "12401153"]
[EventDate "2025.06.11"]
[EventType "team"]

1. Nf3 d5 2. e3 Nf6 3. c4 c6 4. Nc3 a6 5. b3 Bf5 6. Be2 h6 7. O-O e6 8. Bb2 Nbd7
9. cxd5 cxd5 10. d3 Bh7 11. Rc1 Be7 12. e4 dxe4 13. dxe4 O-O 14. e5 Ng4 15. Nb1
h5 16. Bd3 Bxd3 17. Qxd3 Nc5 18. Qxd8 Rfxd8 19. Ba3 Rac8 20. Rc2 b6 21. Nbd2 Bf8
22. h3 Nh6 23. Rfc1 Rb8 24. Bxc5 Bxc5 25. Rc4 Nf5 26. b4 Bf8 27. a3 a5 28. bxa5
bxa5 29. Ra4 Rd3 30. Rxa5 Bxa3 31. Ra1 Bb2 32. Ra8 Rdd8 33. Rxb8 Rxb8 34. Ra4
Rd8 1/2-1/2

[Event "FIDE World Rapid Team"]
[Site "London ENG"]
[Date "2025.06.11"]
[Round "2.5"]
[White "Gong, Qianyun"]
[Black "Wagner, Dinara"]
[Result "1-0"]
[WhiteTitle "WGM"]
[BlackTitle "IM"]
[WhiteElo "2228"]
[BlackElo "2404"]
[WhiteTeam "Theme International Trading"]
[BlackTeam "Germany and Friends"]
[WhiteFideId "8602425"]
[BlackFideId "24157570"]
[EventDate "2025.06.11"]
[EventType "team"]

1. e4 c5 2. Nf3 d6 3. c3 Nf6 4. Be2 g6 5. O-O Bg7 6. Re1 O-O 7. Bf1 Nc6 8. h3 e5
9. Na3 Re8 10. d3 h6 11. Be3 b6 12. b4 cxb4 13. cxb4 d5 14. Qc1 Nxb4 15. Bxh6
Bb7 16. Bxg7 Kxg7 17. Qb2 Nc6 18. exd5 Qxd5 19. Nc4 Nd7 20. Rad1 f6 21. d4 e4
22. Nfe5 Rad8 23. Ne3 Qd6 24. N5c4 Qb8 25. Ng4 Ne7 26. Qc1 Rh8 27. Qa3 Nd5 28.
Nce3 Rde8 29. Bb5 Qd8 30. Qxa7 Nc3 31. Qxb7 Nxb5 32. Nd5 Qc8 33. Qxc8 Rxc8 34.
Rxe4 Rhe8 35. Rde1 Rxe4 36. Rxe4 f5 37. Re7+ Kf8 38. Nh6 Nc3 39. Rxd7 Nxd5 40.
Rxd5 Kg7 41. Nxf5+ gxf5 42. Rxf5 Ra8 43. Rb5 Rxa2 44. Rxb6 Rd2 45. Rd6 Kf7 46.
g4 Ke7 47. Rd5 Ke6 48. Re5+ Kf6 49. Re4 Kg5 50. Kg2 Rd3 51. Re5+ Kf6 52. Rf5+
Kg6 53. d5 Kg7 54. h4 Kg6 1-0

[Event "FIDE World Rapid Team"]
[Site "London ENG"]
[Date "2025.06.11"]
[Round "2.6"]
[White "Lobkin, Bohdan"]
[Black "Zhang, Changjie"]
[Result "1-0"]
[WhiteElo "1900"]
[BlackElo "1808"]
[WhiteTeam "Germany and Friends"]
[BlackTeam "Theme International Trading"]
[WhiteFideId "34115552"]
[BlackFideId "5801877"]
[EventDate "2025.06.11"]
[EventType "team"]

1. e4 e6 2. Nf3 d5 3. e5 c5 4. c3 Nc6 5. Bd3 d4 6. Be4 Nge7 7. O-O Nd5 8. Qb3
Be7 9. d3 O-O 10. c4 Nb6 11. Bxc6 bxc6 12. Bf4 f6 13. Nbd2 fxe5 14. Bxe5 Qe8 15.
Rae1 Qg6 16. Bg3 Nd7 17. Qa4 Bb7 18. Re4 Nf6 19. Rxe6 Rae8 20. Qxa7 Qf7 21. Rfe1
Bd8 22. Rxe8 Rxe8 23. Rxe8+ Nxe8 24. Qxc5 Qe6 25. Qxd4 Bf6 26. Be5 c5 27. Qxc5
Bxe5 28. Qxe5 Qg6 29. Nh4 Qc6 30. Ne4 Nf6 31. Nxf6+ gxf6 32. Qg3+ Kf7 33. Nf5
Qe6 34. Qc7+ Kg6 35. Ne3 Bc8 36. h4 Bd7 37. b4 f5 38. b5 f4 39. Qxf4 1-0

[Event "FIDE World Rapid Team"]
[Site "London ENG"]
[Date "2025.06.11"]
[Round "2.1"]
[White "Nihal, Sarin"]
[Black "Samadov, Read"]
[Result "1-0"]
[WhiteTitle "GM"]
[BlackTitle "IM"]
[WhiteElo "2696"]
[BlackElo "2522"]
[WhiteTeam "Ashdod Elit Chess Club"]
[BlackTeam "Rookies"]
[WhiteFideId "25092340"]
[BlackFideId "13417444"]
[EventDate "2025.06.11"]
[EventType "team"]

1. d4 Nf6 2. Nf3 d5 3. c4 e6 4. Nc3 Nbd7 5. cxd5 exd5 6. Qc2 c6 7. Bf4 Nh5 8. e3
Nxf4 9. exf4 Bd6 10. g3 Qe7+ 11. Kd2 O-O 12. Re1 Qd8 13. Kc1 Nf6 14. Bd3 c5 15.
dxc5 Bxc5 16. Kb1 Bb4 17. a3 Ba5 18. Rc1 Bd7 19. Ne5 Bc6 20. Ne2 Rc8 21. Nd4 Bd7
22. Qe2 Bb6 23. Ndf3 Qe7 24. Rxc8 Rxc8 25. Re1 Be8 26. Bf5 Rd8 27. Ng4 Qxe2 28.
Nxf6+ gxf6 29. Rxe2 Bb5 30. Rd2 Re8 31. Bd3 Bd7 32. Kc2 Ba5 33. b4 Bb6 34. Kb2
a5 35. Bc2 axb4 36. axb4 Bb5 37. Nd4 Bxd4+ 38. Rxd4 Re2 39. Kc3 Rxf2 40. Rxd5
Bc6 41. Rh5 Bd7 42. Bxh7+ Kg7 43. Be4 b6 44. Bd3 Bg4 45. Rh7+ Kg8 46. Rh4 Be6
47. f5 Bd5 48. Rd4 Bh1 49. Kc4 Bc6 50. Rd6 Bh1 51. Rxb6 Rxh2 52. Rxf6 Rh3 53.
Rd6 Kg7 54. g4 Rg3 55. Rd4 Bf3 56. b5 Bxg4 57. b6 Bf3 58. Be4 Bxe4 59. Rxe4 Kf6
60. Re8 1-0